• 首页
  • 本馆介绍
  • 公告通知
  • 最新文献
  • 馆藏检索
  • 电子资源
  • 读者导购
  • 参考咨询
  • 我的图书馆
  • 登录
  • 详细信息显示
  • 放入我的书架
  • 预约/预借图书
  • 作者相关作品
  • 分类相关作品
  • 丛书相关作品
  • 出版社相关作品

书目信息

  • 表格格式
  • 工作单格式
  • 卡片格式
题名:
天然高分子絮凝剂
    
 
作者: 肖锦 , 周勤 编
分册:  
出版信息: 北京   化学工业出版社  2005
页数: 427页
开本: 21cm
丛书名:
单 册:
中图分类: TQ047.1
科图分类:
主题词: 高分子材料--絮凝剂 , 高分子材料 , 絮凝剂
电子资源:
ISBN: 7-5025-7589-8
000 00847nam0 2200265 450
001 012007266451
005 20070522170706.01
010    @a7-5025-7589-8@dCNY29.80
100    @a20070515d2005 km y0chiy0120 ea
101 0  @achi
102    @aCN@b110000
105    @ay z 000yy
106    @ar
200 1  @a天然高分子絮凝剂@Atian ran gao fen zi xu ning ji@f肖锦,周勤编@Fxiao jin,zhou qin bian
210    @a北京@c化学工业出版社@d2005
215    @a427页@d21cm
330    @a本书共九章,包括淀粉衍生物絮凝剂,纤维素衍生物絮凝剂,技术结合国情,对国内的相关技术成果尽可能多的进行整理介绍。
606 0  @a高分子材料@x絮凝剂
606 0  @a高分子材料
606 0  @a絮凝剂
690    @aTQ047.1@v4
701  0 @a肖锦@Axiao jin@f(1931.3~)@4编
701  0 @a周勤@Azhou qin@c(高分子化学)@4编
801  0 @aCN@bRULIN@c20070522
905    @dTQ047.1@e130@s8
    
    天然高分子絮凝剂/肖锦,周勤编.-北京:化学工业出版社,2005
    427页;21cm
    
    
    ISBN 7-5025-7589-8:CNY29.80
    本书共九章,包括淀粉衍生物絮凝剂,纤维素衍生物絮凝剂,技术结合国情,对国内的相关技术成果尽可能多的进行整理介绍。
●
相关链接 在E读中查询图书 在五车中查询图书 在当当中查询图书 在豆瓣中查询图书


正题名:天然高分子絮凝剂     索取号:TQ047.1/130         预约/预借

序号 登录号 条形码 馆藏地/架位号 状态 备注
1 0574335   205743356   第二样本阅览室/ [索取号:TQ047.1/130] 在馆    
2 0574336   205743365   第三借阅区/ [索取号:TQ047.1/130] 在馆    
3 0574337   205743374   第三借阅区/ [索取号:TQ047.1/130] 在馆    
4 0574338   205743383   密集书库/ [索取号:TQ047.1/130] 在馆    
5 0574339   205743392   密集书库/ [索取号:TQ047.1/130] 在馆    
6 0574340   205743409   密集书库/ [索取号:TQ047.1/130] 在馆    
7 0574341   205743418   第三借阅区/ [索取号:TQ047.1/130] 在馆    
8 0574342   205743427   第三借阅区/ [索取号:TQ047.1/130] 在馆    
唐山师范学院图书馆 欢迎您!
大连网信软件有限公司© 版权所有